Economic Psychology

Enregistré dans:
Détails bibliographiques
Autres auteurs: Ranyard, Rob
Format: Livre
Langue:anglais
Publié: Leicester <The> British Psychological Society 2018
Collection:BPS Textbooks in Psychology
Sujets:
Tags: Ajouter un tag
Pas de tags, Soyez le premier à ajouter un tag!

MARC

LEADER 00000nam a2200000 4500
001 0257250
005 20240221114016.2
020 |a 978-1-118-92634-5 
020 |a 978-1-118-92648-2 
020 |a 978-1-118-92639-0 
041 0 |a eng 
044 |a GB 
245 1 0 |a Economic Psychology  |c Edited by: Rob Ranyard 
264 1 |a Leicester  |b <The> British Psychological Society  |c 2018 
300 |a 483 s. 
490 1 |a BPS Textbooks in Psychology 
830 0 |a BPS Textbooks in Psychology 
610 2 0 |a psychológia ekonomická 
610 2 0 |a spoločnosť 
610 2 0 |a správanie hospodárske 
610 2 0 |a výskum 
610 2 0 |a teória rozhodovania 
610 2 0 |a riziko 
610 2 0 |a metódy výskumu 
610 2 0 |a osobnosť 
610 2 0 |a správanie 
610 2 0 |a meranie 
610 2 0 |a peniaze 
610 2 0 |a gramotnosť finančná 
610 2 0 |a pôžičky 
610 2 0 |a úspory 
610 2 0 |a trh finančný 
610 2 0 |a dane 
610 2 0 |a aktivita spoločenská 
610 2 0 |a štýl životný 
610 2 0 |a starnutie populácie 
610 2 0 |a poistenie 
700 1 |a Ranyard, Rob